The works of Alfred Lord Tennyson: poet laureate
Saved in:
| Hovedforfatter: | |
|---|---|
| Format: | Bog |
| Sprog: | engelsk |
| Udgivet: |
Londres
Macmillan and Co
1889
|
| Fag: | |
| Tags: |
Tilføj Tag
Ingen Tags, Vær først til at tagge denne postø!
|
MARC
| LEADER | 00000nam a2200000 a 4500 | ||
|---|---|---|---|
| 001 | UCQ3696 | ||
| 003 | CL-VaPUC | ||
| 008 | 980821e18890000UK |||||||||||||||||eng|d | ||
| 082 | 0 | 4 | |a 821 |b TEN |2 21 |
| 100 | 0 | |a Tennyson, Alfred |e author |9 417960 | |
| 245 | 1 | 4 | |a The works of Alfred Lord Tennyson: poet laureate |
| 300 | |a 807 p | ||
| 942 | |c BK | ||
| 945 | |d 19980821 00:00:00 |a crobeson | ||
| 260 | |a Londres |b Macmillan and Co |c 1889 | ||
| 650 | 0 | |a Poesías inglesas |9 265094 | |
| 650 | 0 | |a Literatura inglesa |9 312907 | |
| 583 | |a last modification |c 19980821 00:00:00 |k Rodrigo Vera | ||
| 999 | |c 274212 |d 274210 | ||
| 952 | |0 0 |1 0 |4 0 |6 821_000000000000000_TEN_1889 |7 0 |8 P |9 310328 |a BIBEDU |b BIBEDU |c BIBEDU_PB |d 2019-11-20 |i 1457195 |o 821 TEN 1889 |p 1457195 |r 2024-01-25 |w 2019-11-20 |y BK |k LIT | ||